000 01020cam a22003137a 4500
003 CHAP
005 20241112062702.0
008 971013s r 00010 d
010 _a6990
011 _a7962
035 _a7187
040 _cCHAP
090 _aR-3453
100 1 0 _aGómez Cruz, Manuel Ángel
_949661
245 1 3 _aEl TLC y su impacto en el sector agropecuario en México
500 _aSobretiro de : Agronegocios en México 1(9) : 6-24, 1992
590 _aBATCH-UPD
_b10
_c20130110
_lUCH01
_h1644
590 _aBATCH-UPD
_b10
_c20130410
_lUCH01
_h1035
590 _aBATCH-UPD
_b10
_c20130914
_lUCH01
_h1549
590 _aCONVERSION
_b10
_c20130109
_lUCH01
_h1305
650 0 4 _aMéxico
_xComercio
_zE.U.A.
650 1 4 _aMéxico
_xComercio
_xCanadá.
_976677
650 1 4 _aProductos agrícolas
_xMercadeo.
_991951
650 1 4 _aTratado Trilateral de Libre Comercio.
700 1 _aSchwentesius Rindermann, Rita
_9103302
901 _aBK
942 _cREIMP
949 _aR-3453
_bBC
_cR
_d-17003
_eTS1
_i7187
_mD
_si
999 _c6990
_d6990